[Event "Kazakhstan Chess Cup 2023"]
[Site "Astana KAZ"]
[Date "2023.04.27"]
[Round "6.12"]
[White "Zhukenov, Aituar"]
[Black "Suleymenov, Alisher"]
[Result "0-1"]
[BlackTitle "IM"]
[WhiteElo "2178"]
[BlackElo "2434"]
[WhiteFideId "13719513"]
[BlackFideId "13707833"]
[EventDate "2023.04.23"]

1. d4 Nf6 2. c4 g6 3. Nc3 d5 4. cxd5 Nxd5 5. e4 Nxc3 6. bxc3 Bg7 7. Nf3 c5 8.
Bb5+ Bd7 9. Be2 Qa5 10. Bd2 O-O 11. O-O Qa4 12. Be3 Qxd1 13. Rfxd1 Ba4 14. Rdc1
Nd7 15. Rab1 b6 16. e5 e6 17. Nd2 Bc6 18. f4 Rfc8 19. Kf2 Bf8 20. Bd3 Rc7 21.
Ne4 c4 22. Bc2 Ba3 23. Rg1 b5 24. g4 Nb6 25. Nf6+ Kh8 26. f5 Be7 27. d5 Bxf6 28.
exf6 Nxd5 29. Bd4 Kg8 30. h4 Re8 31. fxg6 e5 32. gxh7+ Kh8 33. Be3 Nxc3 34. g5
Nxb1 35. h5 Nc3 36. g6 Ne4+ 37. Ke1 fxg6 38. hxg6 Nxf6 39. Bh6 Be4 40. Bg5 Bxc2
41. Bxf6+ Rg7 42. Rg5 Re6 43. Bxg7+ Kxg7 44. Rh5 Re8 0-1

[Event "Kazakhstan Chess Cup 2023"]
[Site "Astana KAZ"]
[Date "2023.04.27"]
[Round "6.13"]
[White "Malygin, Vladislav"]
[Black "Sethuraman, S.P."]
[Result "0-1"]
[BlackTitle "GM"]
[WhiteElo "2098"]
[BlackElo "2639"]
[WhiteFideId "13720090"]
[BlackFideId "5021596"]
[EventDate "2023.04.23"]

1. d4 d6 2. e4 g6 3. Nc3 Bg7 4. Nf3 a6 5. a4 Nf6 6. Be2 O-O 7. O-O Nc6 8. h3 e5
9. dxe5 dxe5 10. Bg5 Be6 11. Qc1 Qd6 12. Rd1 Qc5 13. Be3 Qa5 14. Ng5 Nd4 15.
Nxe6 fxe6 16. Bc4 Kh8 17. f3 Ne8 18. Kh1 Nd6 19. Bf1 c5 20. Nb1 c4 21. Nd2 c3
22. Nb3 Qb4 23. bxc3 Qxc3 24. Rd3 Qxc2 25. Nxd4 Qxc1 26. Rxc1 exd4 27. Bxd4 Bxd4
28. Rxd4 Rad8 29. Kg1 Kg7 30. Rc7+ Rf7 31. Rc1 Rfd7 32. e5 Nf5 33. Rb4 Ne3 34.
Be2 Kh6 35. Rcb1 Rd2 36. Kf2 Nd5 37. Rc4 b6 38. h4 Ra2 39. g3 a5 40. Rd1 Kg7 41.
f4 Rb8 42. Kf3 b5 43. axb5 Rxb5 44. Rc6 Rb3+ 45. Rd3 Rxd3+ 46. Bxd3 Ra3 47. Ke4
Rxd3 48. Rxe6 Rd1 49. Rc6 a4 50. Ra6 Nc3+ 51. Ke3 h5 52. Ra7+ Kf8 53. e6 Rd5 54.
Rf7+ Ke8 55. Ra7 Rd6 56. e7 Rd7 0-1

[Event "Kazakhstan Chess Cup 2023"]
[Site "Astana KAZ"]
[Date "2023.04.27"]
[Round "6.14"]
[White "Rakhmanov, Aleksandr"]
[Black "Sapenov, Daniyal"]
[Result "1-0"]
[WhiteTitle "GM"]
[BlackTitle "FM"]
[WhiteElo "2632"]
[BlackElo "2321"]
[WhiteFideId "4173708"]
[BlackFideId "13728911"]
[EventDate "2023.04.23"]

1. d4 Nf6 2. c4 e6 3. Nc3 Bb4 4. e3 O-O 5. Bd3 Re8 6. Bd2 c5 7. Nf3 cxd4 8. exd4
d5 9. O-O dxc4 10. Bxc4 Nc6 11. a3 Be7 12. Bf4 a6 13. Ba2 h6 14. Re1 Bf8 15. Rc1
Bd7 16. Ne5 Rc8 17. Qd3 Nxe5 18. dxe5 Nh5 19. Be3 g6 20. Red1 Bc6 21. Qxd8 Rexd8
22. Rxd8 Rxd8 23. g4 Ng7 24. Bxh6 Bc5 25. Bb1 Bd4 26. Rd1 Rd7 27. Bf4 Ne8 28. h3
Kf8 29. Kf1 Nc7 30. Be4 Bxc3 31. Rxd7 Bb5+ 32. Bd3 Bxd7 33. bxc3 Nd5 34. Bh6+
Kg8 35. c4 Nc3 36. Ke1 Bc6 37. Kd2 Ne4+ 38. Ke3 Nc3 39. Kd2 Ne4+ 40. Ke1 Nc5 41.
Be2 Ne4 42. Be3 Nc3 43. Bf1 Nb1 44. Bc1 Nc3 45. Kd2 Ne4+ 46. Ke3 Nc5 47. h4 Kg7
48. f3 Nd7 49. Bb2 Nc5 50. Bd4 Nd7 51. Bd3 Kh6 52. Be2 Ba4 53. Bc3 Bc6 54. Kd4
Kg7 55. Bd1 Kh7 56. Bb4 Kg7 57. Be7 Kh6 58. Bg5+ Kh7 59. h5 Kg7 60. hxg6 fxg6
61. Be7 Kf7 62. Bd6 Nb6 63. Bc7 Nd7 64. f4 Kg7 65. c5 Bd5 66. f5 gxf5 67. gxf5
Nf8 68. Bd6 1-0

[Event "Kazakhstan Chess Cup 2023"]
[Site "Astana KAZ"]
[Date "2023.04.27"]
[Round "6.15"]
[White "Sadubayev, Airat"]
[Black "Gareyev, Timur"]
[Result "0-1"]
[WhiteTitle "FM"]
[BlackTitle "GM"]
[WhiteElo "2320"]
[BlackElo "2602"]
[WhiteFideId "13713264"]
[BlackFideId "14200937"]
[EventDate "2023.04.23"]

1. d4 Nf6 2. c4 c5 3. d5 b5 4. cxb5 a6 5. bxa6 g6 6. Nc3 Bg7 7. e4 O-O 8. Be2 e6
9. Nf3 Bxa6 10. O-O Qb6 11. Re1 Rc8 12. h3 Qb7 13. a4 Ne8 14. Ra3 Bxe2 15. Rxe2
Na6 16. Bf4 c4 17. Be5 Bf8 18. Ra1 Nc5 19. Bd4 Nb3 20. Rb1 Nc7 21. Bf6 Ne8 22.
Be5 d6 23. Bf4 e5 24. Be3 f5 25. Ng5 f4 26. Bc1 Nc7 27. Nf3 Na6 28. g3 Bh6 29.
gxf4 Nxc1 30. Rxc1 Bxf4 31. Ra1 Qd7 32. Qf1 Nc5 33. Qg2 Rcb8 34. Qg4 Qf7 35. Rc2
Rb4 36. Ra3 Kg7 37. Kf1 h5 38. Qg2 Qf6 39. Kg1 Rb3 40. Qf1 Bh6 41. Ne1 Rb4 42.
Qe2 Rf8 43. Nb5 Nb3 44. Rc3 Rf7 45. Rf3 Bf4 46. Rc3 Nd4 47. Nxd4 exd4 48. Rxc4
Rxc4 49. Qxc4 Be3 50. Qe2 Bxf2+ 51. Kh1 Qg5 52. Qf1 Be3 53. Qg2 Qh4 54. Nd3 Re7
55. a5 Rxe4 56. a6 Rg4 57. a7 Rg3 58. Nf4 Rxg2 59. Rxe3 dxe3 60. a8=Q Qe1+ 61.
Kxg2 Qf2+ 62. Kh1 Qf1+ 63. Kh2 Qxf4+ 64. Kg2 Qf2+ 65. Kh1 e2 66. Qa7+ Qxa7 0-1

[Event "Kazakhstan Chess Cup 2023"]
[Site "Astana KAZ"]
[Date "2023.04.28"]
[Round "7.1"]
[White "Sargsyan, Shant"]
[Black "Nabaty, Tamir"]
[Result "1-0"]
[WhiteTitle "GM"]
[BlackTitle "GM"]
[WhiteElo "2630"]
[BlackElo "2645"]
[WhiteFideId "13306766"]
[BlackFideId "2809052"]
[EventDate "2023.04.23"]

1. d4 d5 2. c4 dxc4 3. e4 b5 4. a4 c6 5. axb5 cxb5 6. Nc3 Qb6 7. b3 e6 8. bxc4
Bb4 9. Bd2 bxc4 10. Bxc4 Ne7 11. Nf3 O-O 12. O-O a5 13. Re1 Nd7 14. d5 e5 15.
Na4 Qd6 16. Nb2 Nb6 17. Bxb4 Qxb4 18. Qb3 Qxb3 19. Bxb3 Ng6 20. Nd2 Bd7 21. Nbc4
Nxc4 22. Nxc4 Rfb8 23. Rxa5 Rxa5 24. Nxa5 Rb4 25. f3 Nf4 26. g3 Nh3+ 27. Kg2 g5
28. Re3 Rd4 29. Nc4 f6 30. Nb6 Rd2+ 31. Kf1 Be8 32. Ke1 Rxh2 33. d6+ Kg7 34. Rd3
Rh1+ 35. Kd2 Rh2+ 36. Kc3 g4 37. d7 Bxd7 38. Rxd7+ Kh6 39. Rf7 Ng5 40. Rxf6+ Kg7
41. Rf5 Nxf3 42. Bd1 Nd2 43. Kd3 h5 44. Nd5 Nb1 45. Be2 Rh3 46. Ne3 Kg6 47. Rf1
Na3 48. Nf5 Kg5 49. Kd2 Rh2 50. Rc1 Rg2 51. Ke3 Kf6 52. Rc3 Nb1 53. Rb3 Rg1 54.
Bd3 1-0

[Event "Kazakhstan Chess Cup 2023"]
[Site "Astana KAZ"]
[Date "2023.04.28"]
[Round "7.2"]
[White "Ter-Sahakyan, Samvel"]
[Black "Goganov, Aleksey"]
[Result "1/2-1/2"]
[WhiteTitle "GM"]
[BlackTitle "GM"]
[WhiteElo "2613"]
[BlackElo "2525"]
[WhiteFideId "13302531"]
[BlackFideId "24109959"]
[EventDate "2023.04.23"]

1. d4 d5 2. c4 c6 3. cxd5 cxd5 4. Bf4 Nc6 5. e3 Nf6 6. Bd3 Bg4 7. Qb3 Na5 8.
Qa4+ Bd7 9. Qc2 Rc8 10. Nc3 e6 11. Nge2 Be7 12. O-O O-O 13. Ng3 b5 14. Qe2 b4
15. Nb1 Qb6 16. Bg5 h6 17. Bxf6 Bxf6 18. Nd2 e5 19. dxe5 Bxe5 20. Nf3 Bg4 21.
Bf5 Bxf3 22. Qxf3 Rc5 23. Rad1 Bxb2 24. Bb1 Qf6 25. Qe2 Nc4 26. Nh5 Qc6 27. Nf4
Bc3 28. Qd3 g6 29. Qe2 Re8 30. h4 d4 31. h5 g5 32. Nd3 dxe3 33. Nxc5 Qxc5 34.
fxe3 Qxe3+ 35. Qf2 a5 36. Bc2 Qxf2+ 37. Rxf2 Ne3 38. Re2 Re5 39. Rd8+ Kg7 40.
Bb3 Re7 41. Rd3 f5 42. g3 f4 43. gxf4 gxf4 44. Kf2 Ng4+ 45. Kf1 Ne3+ 46. Kf2
Ng4+ 47. Kf1 1/2-1/2

[Event "Kazakhstan Chess Cup 2023"]
[Site "Astana KAZ"]
[Date "2023.04.28"]
[Round "7.3"]
[White "Kovalev, Vladislav"]
[Black "Rasulov, Vugar"]
[Result "1/2-1/2"]
[WhiteTitle "GM"]
[BlackTitle "GM"]
[WhiteElo "2612"]
[BlackElo "2510"]
[WhiteFideId "13504398"]
[BlackFideId "13402390"]
[EventDate "2023.04.23"]

1. e4 c5 2. Nf3 d6 3. d4 cxd4 4. Nxd4 Nf6 5. Nc3 a6 6. Be2 e5 7. Nb3 Be7 8. Bg5
Be6 9. Bxf6 Bxf6 10. Qd3 O-O 11. O-O-O Be7 12. Nd5 Bxd5 13. Qxd5 Qb6 14. Bc4 Nd7
15. f3 Qc7 16. Qd3 b5 17. Bd5 Rab8 18. Kb1 Rfc8 19. c3 a5 20. a3 Nb6 21. Na1
Nxd5 22. Qxd5 b4 23. cxb4 axb4 24. axb4 Bg5 25. Qb3 Rb6 26. Nc2 Rc6 27. Na3 Qb6
28. b5 h5 29. Ka2 R6c7 30. Rd3 h4 31. Rhd1 Be7 32. Rd5 g6 33. Qd3 Qa5 34. Qd2
Qb6 35. Qe1 Qa7 36. Qb4 Qf2 37. Qd2 Qa7 38. Kb1 Qa4 39. b6 Rb7 40. Ra5 Qc6 41.
Rc1 Qxc1+ 42. Qxc1 Rxc1+ 43. Kxc1 Rxb6 44. Nc4 Rb4 45. Ra8+ Kg7 46. Rc8 h3 47.
gxh3 Rb3 48. Rc7 Bg5+ 49. Kc2 Rxf3 50. b4 Rxh3 51. b5 Rxh2+ 52. Kb3 Rh3+ 53. Kc2
Rh2+ 54. Kb3 Rh1 55. Nxd6 Rf1 56. Nc4 Rb1+ 57. Ka4 Re1 58. Nd6 Be3 59. Rxf7+ Kh6
60. Nc4 Bc5 61. b6 Rxe4 62. Kb5 Bxb6 63. Nxb6 g5 64. Nc4 g4 65. Rf5 Kg6 1/2-1/2

[Event "Kazakhstan Chess Cup 2023"]
[Site "Astana KAZ"]
[Date "2023.04.28"]
[Round "7.4"]
[White "Moiseenko, Alexander"]
[Black "Makhnev, Denis"]
[Result "1-0"]
[WhiteTitle "GM"]
[BlackTitle "GM"]
[WhiteElo "2573"]
[BlackElo "2483"]
[WhiteFideId "14102560"]
[BlackFideId "13707647"]
[EventDate "2023.04.23"]

1. d4 Nf6 2. c4 e6 3. Nc3 Bb4 4. Nf3 d5 5. Bg5 h6 6. Bxf6 Qxf6 7. e3 O-O 8. Rc1
Nd7 9. Qb3 c5 10. cxd5 exd5 11. Qxd5 Nb6 12. Qh5 g6 13. Qxh6 cxd4 14. Nxd4 Rd8
15. h4 Rxd4 16. exd4 Bg4 17. Be2 Re8 18. Kf1 Qxd4 19. Bxg4 Bc5 20. Rc2 Qxg4 21.
Qc1 Nc4 22. Rh3 1-0

[Event "Kazakhstan Chess Cup 2023"]
[Site "Astana KAZ"]
[Date "2023.04.28"]
[Round "7.5"]
[White "Suleymenov, Alisher"]
[Black "Daneshvar, Bardiya"]
[Result "0-1"]
[WhiteTitle "IM"]
[BlackTitle "IM"]
[WhiteElo "2434"]
[BlackElo "2540"]
[WhiteFideId "13707833"]
[BlackFideId "12576468"]
[EventDate "2023.04.23"]

1. d4 Nf6 2. c4 e6 3. Nf3 d5 4. Nc3 Bb4 5. Bg5 h6 6. Bxf6 Qxf6 7. Qa4+ Nc6 8. e3
O-O 9. Rc1 Qg6 10. h4 Qf5 11. Qc2 Qxc2 12. Rxc2 Rd8 13. a3 Bf8 14. Nb5 Bd7 15.
cxd5 exd5 16. Nxc7 Rac8 17. Nb5 Na5 18. Kd1 Bf5 19. Rxc8 Rxc8 20. Nc3 Bxa3 21.
Nxd5 Bc2+ 22. Ke2 Bb3 23. bxa3 Bxd5 24. Kd3 Nc4 25. e4 Nb2+ 26. Ke3 Nd1+ 27. Kf4
Nxf2 28. exd5 Nxh1 29. Ne5 Rd8 30. Bc4 Rd6 31. Ng4 h5 32. Ne3 Nf2 33. Ke5 Rd8
34. d6 Kf8 35. Bb5 a6 36. d7 Ng4+ 37. Nxg4 Ke7 38. Ne3 f6+ 39. Kd5 axb5 40. Nf5+
Kxd7 41. Nxg7 Ke7+ 42. Kc5 Rg8 43. Nxh5 Rg4 44. g3 b6+ 45. Kxb5 Rxd4 46. Kxb6
Ra4 47. Kb5 Rxa3 48. Kc4 Kf7 49. Kd4 Kg6 50. Nf4+ Kf5 51. Nh5 Rf3 52. Ng7+ Kg6
53. Ne6 Rxg3 54. Ke4 f5+ 55. Kd5 Kf6 56. Nc5 Rg7 57. Kd6 Rh7 0-1

[Event "Kazakhstan Chess Cup 2023"]
[Site "Astana KAZ"]
[Date "2023.04.28"]
[Round "7.6"]
[White "Kassimov, Baurzhan"]
[Black "Ansat, Aldiyar"]
[Result "0-1"]
[WhiteTitle "IM"]
[BlackTitle "IM"]
[WhiteElo "2285"]
[BlackElo "2317"]
[WhiteFideId "13704800"]
[BlackFideId "13715658"]
[EventDate "2023.04.23"]

1. e4 c5 2. Nf3 Nc6 3. Bb5 e6 4. Bxc6 bxc6 5. b3 f6 6. Nh4 Nh6 7. d3 f5 8. Nf3
Qf6 9. e5 Qg6 10. Nh4 Qf7 11. Bb2 g5 12. Nf3 Qg7 13. Bc3 Nf7 14. Qe2 h5 15. Kd1
c4 16. dxc4 c5 17. Kc1 Bb7 18. Kb2 g4 19. Ne1 h4 20. Rg1 h3 21. g3 Ng5 22. Nd2
Ne4 23. Nd3 Nxc3 24. Kxc3 d6 25. Rae1 dxe5 26. Qxe5 Qe7 27. Qxh8 O-O-O 28. Rxe6
Bg7+ 29. Ne5 Qd7 0-1

[Event "Kazakhstan Chess Cup 2023"]
[Site "Astana KAZ"]
[Date "2023.04.28"]
[Round "7.7"]
[White "Niemann, Hans Moke"]
[Black "Gareyev, Timur"]
[Result "1/2-1/2"]
[WhiteTitle "GM"]
[BlackTitle "GM"]
[WhiteElo "2706"]
[BlackElo "2602"]
[WhiteFideId "2093596"]
[BlackFideId "14200937"]
[EventDate "2023.04.23"]

1. d4 Nf6 2. c4 e6 3. Nf3 Bb4+ 4. Nbd2 O-O 5. a3 Be7 6. e4 d6 7. Bd3 Nfd7 8. b4
e5 9. d5 a5 10. Bb2 c6 11. O-O cxd5 12. cxd5 Nb6 13. Bc3 a4 14. b5 N8d7 15. Bb4
Kh8 16. Nb1 f5 17. Nc3 Nf6 18. exf5 Nfxd5 19. Nxd5 Nxd5 20. Be4 Nxb4 21. axb4 a3
22. Qd3 Qb6 23. g4 g6 24. fxg6 Bxg4 25. gxh7 Rf4 26. Kh1 Raf8 27. Nd2 Rxf2 28.
Rg1 R2f4 29. Rxa3 Qf2 30. Raa1 Qe2 31. Qxe2 Bxe2 32. Ra3 Bh4 33. b6 Bf2 34. Rg2
Bg4 35. h3 Bf5 36. Bxf5 R8xf5 37. Rg6 Rd4 38. Ra7 Kxh7 39. Re6 Rf7 40. Nf3 Rd1+
41. Kg2 Be3 42. h4 Rg7+ 43. Ng5+ Bxg5 44. hxg5 Rxg5+ 45. Kf3 Rg7 46. Ra8 Rd3+
47. Ke2 Rd4 48. Rd8 Re4+ 49. Kf3 Rf4+ 50. Ke3 Rg3+ 51. Ke2 Rg2+ 52. Ke3 Rg3+ 1/2-1/2

[Event "Kazakhstan Chess Cup 2023"]
[Site "Astana KAZ"]
[Date "2023.04.28"]
[Round "7.8"]
[White "Sethuraman, S.P."]
[Black "Suyarov, Mukhammadzokhid"]
[Result "1-0"]
[WhiteTitle "GM"]
[BlackTitle "FM"]
[WhiteElo "2639"]
[BlackElo "2281"]
[WhiteFideId "5021596"]
[BlackFideId "14210495"]
[EventDate "2023.04.23"]

1. d4 e6 2. c4 b6 3. a3 Nf6 4. Nc3 Bb7 5. d5 g6 6. e4 d6 7. Bg5 Nbd7 8. Be2 Bg7
9. h4 h6 10. Be3 a5 11. Nf3 Ng4 12. Bd2 Ngf6 13. Qc2 e5 14. Rd1 O-O 15. Nh2 Nh5
16. Bxh5 gxh5 17. Nf1 Kh7 18. Ng3 Nf6 19. Bg5 Bc8 20. Nxh5 Bg4 21. Nxf6+ Bxf6
22. f3 Bd7 23. Bxf6 Qxf6 24. Qe2 h5 25. g3 Rg8 26. Rg1 Qh6 27. Qd2 f5 28. Qxh6+
Kxh6 29. Kf2 Raf8 30. Ke3 Rg7 31. exf5 Bxf5 32. b4 Rgf7 33. g4 Bh7 34. Rg3 Rf4
35. g5+ Kg6 36. Ne4 axb4 37. axb4 Ra8 38. c5 Ra3+ 39. Kf2 Rxh4 40. cxd6 cxd6 41.
Nxd6 Rxb4 42. Ne4 Ra2+ 43. Ke1 Rd4 44. Rxd4 exd4 45. d6 Kf7 46. g6+ Bxg6 47. d7
Ra1+ 48. Kd2 Ra2+ 49. Kc1 Ra8 50. Nd6+ Ke6 51. Rxg6+ Kxd7 52. Ne4 h4 53. Rh6
Ra1+ 54. Kd2 Rh1 55. Rxb6 Ke7 56. Kd3 h3 57. Rh6 1-0

[Event "Kazakhstan Chess Cup 2023"]
[Site "Astana KAZ"]
[Date "2023.04.28"]
[Round "7.9"]
[White "Urazayev, Arystanbek"]
[Black "Rakhmanov, Aleksandr"]
[Result "1/2-1/2"]
[WhiteTitle "IM"]
[BlackTitle "GM"]
[WhiteElo "2460"]
[BlackElo "2632"]
[WhiteFideId "13709810"]
[BlackFideId "4173708"]
[EventDate "2023.04.23"]

1. d4 d5 2. c4 e6 3. Nc3 a6 4. cxd5 exd5 5. Nf3 h6 6. Ne5 Nf6 7. e4 Be6 8. exd5
Nxd5 9. Bc4 c6 10. Qf3 Nd7 11. O-O Be7 12. Re1 O-O 13. Bxd5 cxd5 14. Nxd5 Bxd5
15. Qxd5 Nxe5 16. Qxd8 Rfxd8 17. dxe5 Bb4 18. Rf1 Rac8 19. Be3 Bd2 20. Rfd1 Bxe3
21. fxe3 Rxd1+ 22. Rxd1 Kf8 23. e6 fxe6 24. Rd2 Ke7 25. Kf2 Rc5 1/2-1/2

[Event "Kazakhstan Chess Cup 2023"]
[Site "Astana KAZ"]
[Date "2023.04.28"]
[Round "7.10"]
[White "Isanzhulov, Arystan"]
[Black "Lysyj, Igor"]
[Result "1/2-1/2"]
[WhiteTitle "FM"]
[BlackTitle "GM"]
[WhiteElo "2320"]
[BlackElo "2606"]
[WhiteFideId "13711644"]
[BlackFideId "4150120"]
[EventDate "2023.04.23"]

1. e4 e5 2. Nf3 Nc6 3. Nc3 Nf6 4. d4 exd4 5. Nxd4 Bb4 6. Nxc6 bxc6 7. Bd3 d5 8.
exd5 Qe7+ 9. Qe2 Qxe2+ 10. Bxe2 cxd5 11. O-O O-O 12. Be3 Bxc3 13. bxc3 Ne4 14.
Bd3 Nxc3 15. Bf4 Bf5 16. Ba6 c5 17. Rfe1 Rad8 18. Bc7 Rd7 19. Ba5 Rd6 20. Bf1
Na4 21. Re7 a6 22. Rc1 Rc8 23. f3 h5 24. c3 Nb2 25. Kf2 Bd3 26. Rb7 Bxf1 27.
Rxb2 Bc4 28. h4 Re6 29. Re1 Rxe1 30. Kxe1 d4 31. cxd4 cxd4 32. Bb6 d3 33. Kd2
Bb5 34. a3 Rc4 35. Bf2 f6 36. Be1 Rc6 37. Bf2 Kf7 38. a4 Bxa4 39. Kxd3 Bb5+ 40.
Ke3 g5 41. Bg3 Ke6 42. hxg5 fxg5 43. Bb8 h4 44. Kf2 Rc8 45. Ba7 Rc1 46. Rb4 Rf1+
47. Ke3 Kf5 48. Bb8 Re1+ 49. Kf2 Re2+ 50. Kg1 Ra2 51. Bc7 Rd2 52. Bb6 Re2 53.
Rg4 Re6 54. Bd8 Rg6 55. Kf2 Rg8 56. Ba5 Re8 57. Kg1 Bc6 58. Kf2 Rh8 59. Bd2 Rg8
60. Be3 Bd7 61. Rd4 Ke6 62. Rg4 Kf6 63. Rd4 Ke7 64. Rd5 g4 65. fxg4 Bxg4 66. Ra5
Bc8 67. Bg5+ Kd6 68. Bxh4 Kc6 69. g3 Kb6 70. Rd5 Bb7 71. Rd8 Rg4 72. Rd2 Bc6 73.
Bd8+ Kb7 74. Rb2+ Kc8 75. Bb6 Ra4 76. Ke3 a5 77. Bd4 Ra3+ 78. Kf4 Rf3+ 79. Kg4
Rd3 80. Be5 a4 81. Kf5 Kd7 82. Rb4 Rf3+ 83. Rf4 Re3 84. Rc4 Re2 85. Rc3 Rf2+ 86.
Bf4 Ra2 87. Bc1 Bd5 88. Ke5 Bb3 89. Kd4 Rg2 90. Kc5 Ke6 91. Kb4 Ke5 1/2-1/2

[Event "Kazakhstan Chess Cup 2023"]
[Site "Astana KAZ"]
[Date "2023.04.28"]
[Round "7.11"]
[White "Radzhabov, Rodion"]
[Black "Vokhidov, Shamsiddin"]
[Result "1-0"]
[WhiteTitle "FM"]
[BlackTitle "GM"]
[WhiteElo "2308"]
[BlackElo "2601"]
[WhiteFideId "884715"]
[BlackFideId "14204223"]
[EventDate "2023.04.23"]

1. e4 c5 2. Nf3 Nc6 3. Bb5 e6 4. Bxc6 bxc6 5. d3 Ne7 6. Qe2 d6 7. Nh4 Ng8 8. g3
e5 9. Ng2 g6 10. f4 exf4 11. Bxf4 Bg7 12. e5 Qe7 13. exd6 Qxe2+ 14. Kxe2 Bxb2
15. Nd2 Nf6 16. Rab1 Bg4+ 17. Nf3 Bc3 18. Ne3 O-O 19. Rb3 Ba5 20. Bg5 Bxf3+ 21.
Kxf3 Nd7 22. Nc4 Bd8 23. Be7 Re8 24. Rb7 Bxe7 25. Rxd7 Bf8 26. Rb1 Re6 27. g4
Rf6+ 28. Kg2 Re8 29. Rf1 Kg7 30. g5 Re2+ 31. Kg1 Rxf1+ 32. Kxf1 Rxh2 33. Ne5 Kg8
34. Rd8 Kg7 35. Nxc6 Bxd6 36. Rxd6 Rxc2 37. Rd7 c4 38. dxc4 Rxc4 39. Nd8 Kf8 40.
Rxa7 Rc5 41. Nxf7 1-0

[Event "Kazakhstan Chess Cup 2023"]
[Site "Astana KAZ"]
[Date "2023.04.28"]
[Round "7.12"]
[White "Sivuk, Vitaly"]
[Black "Abdilkhair, Abilmansur"]
[Result "1-0"]
[WhiteTitle "GM"]
[BlackTitle "FM"]
[WhiteElo "2533"]
[BlackElo "2268"]
[WhiteFideId "14116502"]
[BlackFideId "13716417"]
[EventDate "2023.04.23"]

1. c4 e6 2. Nc3 d5 3. d4 Nf6 4. cxd5 exd5 5. Bg5 Nbd7 6. e3 c6 7. Bd3 Be7 8. Qc2
O-O 9. Nf3 Re8 10. h3 Nf8 11. O-O g6 12. Bxf6 Bxf6 13. b4 a6 14. a4 Be6 15. b5
cxb5 16. axb5 a5 17. Qb3 Qd6 18. b6 Nd7 19. Bb5 Qxb6 20. Nxd5 Qd6 21. Bc4 Reb8
22. Qb5 Bd8 23. e4 Qc6 24. Rfb1 Rc8 25. Nd2 a4 26. Qxb7 a3 27. Ra2 Qd6 28. Qb4
Qxb4 29. Rxb4 Ba5 30. Ra4 Bxd2 31. Rxa8 Rxa8 32. Rxd2 Bxd5 33. Bxd5 Ra4 34. Ba2
Kf8 35. Kf1 Ke7 36. Ke2 Nb8 37. Kd3 f6 38. Rc2 Kd6 39. Rc4 Ra7 40. f4 Nd7 41. g4
Rb7 42. Ra4 Rb2 43. Rxa3 Rh2 44. Ra6+ Ke7 45. Be6 Nf8 46. f5 Rxh3+ 47. Kc4 Nxe6
48. fxe6 h5 49. Kd5 Rb3 50. Ra7+ Ke8 51. gxh5 gxh5 52. Rh7 Ra3 53. e5 Ra5+ 54.
Ke4 fxe5 55. d5 Ra1 56. Kxe5 Rb1 57. Rh8+ Ke7 58. d6# 1-0

[Event "Kazakhstan Chess Cup 2023"]
[Site "Astana KAZ"]
[Date "2023.04.28"]
[Round "7.13"]
[White "Nikitenko, Mihail"]
[Black "Nurgaliyev, Sauat"]
[Result "1-0"]
[WhiteTitle "GM"]
[BlackTitle "CM"]
[WhiteElo "2522"]
[BlackElo "2286"]
[WhiteFideId "13506862"]
[BlackFideId "13726285"]
[EventDate "2023.04.23"]

1. e4 c5 2. Ne2 Nf6 3. Nbc3 d6 4. g3 g6 5. Bg2 Bg7 6. d3 Nc6 7. h3 Rb8 8. a4 a6
9. f4 Bd7 10. Be3 b5 11. axb5 axb5 12. Qd2 b4 13. Nd1 O-O 14. O-O Ne8 15. f5 e6
16. Bg5 f6 17. fxe6 Bxe6 18. Bh6 d5 19. Bxg7 Nxg7 20. Nf4 dxe4 21. Nxe6 Nxe6 22.
Bxe4 Qd6 23. Ra6 Rbc8 24. Qg2 Ned8 25. Bd5+ Kg7 26. Ne3 Qd7 27. Nc4 Nd4 28. Nb6
Qd6 29. Rfa1 Rc7 30. Na8 Rc6 31. Bxc6 N4xc6 32. Nb6 Qd4+ 33. Qf2 Qxb2 34. Nd7
Re8 35. Nxc5 Qe5 36. Nb3 Qd5 37. Re1 Rxe1+ 38. Qxe1 Ne5 39. Qe4 Qd7 40. Kg2 Qc8
41. Ra7+ Ndf7 42. Nd4 h5 43. Rc7 Qe8 44. Nf3 Kh6 45. Nxe5 fxe5 46. Qxb4 Ng5 47.
h4 Ne6 48. Re7 Qc6+ 49. Qe4 Qxc2+ 50. Kh3 Qc8 51. Kh2 Qc2+ 52. Qg2 Qxg2+ 53.
Kxg2 Nc5 54. Rxe5 Nxd3 55. Rd5 Nb4 56. Rd6 Nc2 57. Kf3 Na3 58. Ke4 Nc4 59. Rd4 1-0

[Event "Kazakhstan Chess Cup 2023"]
[Site "Astana KAZ"]
[Date "2023.04.28"]
[Round "7.14"]
[White "Abdisalimov, Abdimalik"]
[Black "Zhukenov, Aituar"]
[Result "0-1"]
[WhiteTitle "IM"]
[WhiteElo "2494"]
[BlackElo "2178"]
[WhiteFideId "14206323"]
[BlackFideId "13719513"]
[EventDate "2023.04.23"]

1. d4 d5 2. Nf3 e6 3. g3 Nf6 4. Bg2 b5 5. O-O Be7 6. Bg5 O-O 7. Bxf6 Bxf6 8. e4
Bb7 9. c3 Nd7 10. Qe2 dxe4 11. Nfd2 c5 12. Qxb5 Rb8 13. dxc5 Bd5 14. Qa4 Nxc5
15. Qc2 Qb6 16. b3 Qa6 17. b4 Nd3 18. Nxe4 Bxe4 19. Bxe4 Nxb4 20. Qd1 Rfd8 21.
Qh5 g6 22. Qf3 Bg7 23. a4 f5 24. cxb4 fxe4 25. Qa3 Rd3 26. Qa2 Qd6 27. b5 Bxa1
28. Qxa1 Rc8 29. Qa2 Rd1 30. Kg2 Rxf1 31. Kxf1 Qd1+ 32. Kg2 Qf3+ 33. Kh3 Qf5+
34. Kg2 e3 0-1

[Event "Kazakhstan Chess Cup 2023"]
[Site "Astana KAZ"]
[Date "2023.04.28"]
[Round "7.15"]
[White "Khusenkhojaev, Mustafokhuja"]
[Black "Atabayev, Saparmyrat"]
[Result "1/2-1/2"]
[WhiteTitle "FM"]
[BlackTitle "IM"]
[WhiteElo "2279"]
[BlackElo "2448"]
[WhiteFideId "14700727"]
[BlackFideId "14000571"]
[EventDate "2023.04.23"]

1. d4 Nf6 2. c4 g6 3. Nf3 Bg7 4. g3 c5 5. d5 O-O 6. Nc3 d6 7. Bg2 e5 8. O-O Na6
9. e4 Nc7 10. a4 Bd7 11. Ne1 Qc8 12. Nd3 Ng4 13. h3 Nh6 14. Kh2 f5 15. f4 Nf7
16. fxe5 Nxe5 17. Nxe5 Bxe5 18. Bf4 Bxf4 19. Rxf4 fxe4 20. Rxf8+ Qxf8 21. Nxe4
Bf5 22. Nc3 Re8 23. g4 Bd7 24. Qd2 Qf6 25. Kh1 Re5 26. Rf1 Qe7 27. Qf4 g5 28.
Qf6 Qxf6 29. Rxf6 Ne8 30. Rf1 Kg7 31. a5 Nf6 32. Kg1 Re8 33. Rb1 a6 34. Kf2 h5
35. gxh5 Bf5 36. Re1 Rxe1 37. Kxe1 Nxh5 38. Ne4 Bxe4 39. Bxe4 Kf6 40. Bf3 Nf4
41. Bg4 Ke5 42. Kd2 Ke4 43. Bc8 Nd3 44. b3 Nb4 45. Bxb7 Kf3 46. Bc8 Ke4 47. Kc3
Ke3 48. Kb2 Kd2 49. Ka3 Kc3 50. Ka4 Kb2 51. Bxa6 Nxa6 52. Kb5 Nb4 53. a6 Nxa6
54. Kxa6 Kxb3 55. Kb5 Kc3 56. Kc6 Kxc4 57. Kxd6 Kb4 58. Ke5 c4 59. d6 c3 60. d7
c2 61. d8=Q c1=Q 62. Qb6+ Ka4 63. Qd4+ Kb5 64. Qd7+ Kb6 65. Kf5 Qf4+ 66. Kg6 Qh4
67. Qg4 Kc7 68. Qxh4 gxh4 1/2-1/2

[Event "Kazakhstan Chess Cup 2023"]
[Site "Astana KAZ"]
[Date "2023.04.29"]
[Round "8.1"]
[White "Daneshvar, Bardiya"]
[Black "Sargsyan, Shant"]
[Result "1/2-1/2"]
[WhiteTitle "IM"]
[BlackTitle "GM"]
[WhiteElo "2540"]
[BlackElo "2630"]
[WhiteFideId "12576468"]
[BlackFideId "13306766"]
[EventDate "2023.04.23"]

1. c4 e5 2. g3 c6 3. Nf3 e4 4. Nd4 d5 5. cxd5 Qxd5 6. Nc2 Nf6 7. Nc3 Qe5 8. Bg2
Be7 9. O-O Na6 10. d4 exd3 11. Qxd3 O-O 12. e4 Rd8 13. Qe2 Bg4 14. f3 Be6 15.
Be3 Bc5 16. Rfd1 Bxe3+ 17. Qxe3 Qc5 18. Bf1 Qxe3+ 19. Nxe3 Nc7 20. f4 Rxd1 21.
Rxd1 Re8 22. Be2 Kf8 23. Kf2 h5 24. e5 Ng4+ 25. Bxg4 hxg4 26. Ne4 Nd5 27. Nc5
Nxe3 28. Nxe6+ 1/2-1/2